000 01130nam a2200265Ia 4500
003 OSt
005 20220930094838.0
006 a|||||r|||| 00| 0
007 ta
008 220926b |||||||| |||| 00| 0 hin d
024 _a21637
037 _cTheses
040 _aCRL
_cCRL
_bhin
041 _2hin
_ahin
100 _aकान्ता
110 _aदिल्ली विश्वविद्यालय. कला संकाय. संस्कृत विभाग
_9556431
245 0 _aपंचांग निर्माण
_b अयनांश की सूक्ष्म रीतियाँ
246 _aPanchāanga nirmāṇa: ayanāansha kī sūkṣhma rītiyāँ
260 _c2014
650 _aसंस्कृत साहित्य
700 _a डॉ. पुनीता शर्मा, गा.
_9556432
700 _aदिल्ली विश्वविद्यालय. कला संकाय. संस्कृत विभाग
_9556433
942 _cDIS
_2CC
999 _c887764
_d887764